| 000 -LEADER |
| fixed length control field |
01370nam a2200301Ia 4500 |
| 001 - CONTROL NUMBER |
| control field |
21346 |
| 003 - CONTROL NUMBER IDENTIFIER |
| control field |
GE_BSU |
| 005 - DATE AND TIME OF LATEST TRANSACTION |
| control field |
20210909211644.0 |
| 008 - FIXED-LENGTH DATA ELEMENTS--GENERAL INFORMATION |
| fixed length control field |
181216s2017||||ru |||||||||||||| ||rus|| |
| 020 ## - INTERNATIONAL STANDARD BOOK NUMBER |
| International Standard Book Number |
9785756708707 |
| 040 ## - CATALOGING SOURCE |
| Transcribing agency |
GE_BSU |
| 080 ## - UNIVERSAL DECIMAL CLASSIFICATION NUMBER |
| Universal Decimal Classification number |
327.1(075.8) И 90 |
| 245 ## - TITLE STATEMENT |
| Title |
История Международных Отношений : Т. III. Ялтинско-Потсдамкая Система : |
| Remainder of title |
Учебник / |
| Statement of responsibility, etc. |
Ю. А. Дубинин, Б. Ф. Мартынов, М. М. Наринский, Т. В. Юрьева ; Под обш. ред. А. В.Торкунова. |
| 250 ## - EDITION STATEMENT |
| Edition statement |
2-е издание исправл. |
| 264 ## - PRODUCTION, PUBLICATION, DISTRIBUTION, MANUFACTURE, AND COPYRIGHT NOTICE |
| Place of production, publication, distribution, manufacture |
Москва : |
| Name of producer, publisher, distributor, manufacturer |
Аспект-Пресс, |
| Date of production, publication, distribution, manufacture, or copyright notice |
2017. |
| 300 ## - PHYSICAL DESCRIPTION |
| Extent |
551стр. ; |
| Dimensions |
24 см. |
| 500 ## - GENERAL NOTE |
| General note |
Хронолог-я таблица стр. : 513-551 |
| 653 ## - INDEX TERM--UNCONTROLLED |
| keyword |
История Международных Отношений |
| 653 ## - INDEX TERM--UNCONTROLLED |
| keyword |
Политика |
| 653 ## - INDEX TERM--UNCONTROLLED |
| keyword |
Ялтинско-Потсдамкая Система |
| 653 ## - INDEX TERM--UNCONTROLLED |
| keyword |
პოლიტიკა |
| 700 ## - ADDED ENTRY--PERSONAL NAME |
| Personal name |
Дубинин, Ю. А. |
| Titles and other words associated with a name |
Автор |
| 9 (RLIN) |
12433 |
| 700 ## - ADDED ENTRY--PERSONAL NAME |
| Personal name |
Наринский, М. М. |
| Titles and other words associated with a name |
Автор |
| 9 (RLIN) |
12435 |
| 700 ## - ADDED ENTRY--PERSONAL NAME |
| Personal name |
Юрьева, Т. В. |
| Titles and other words associated with a name |
Автор |
| 9 (RLIN) |
12436 |
| 700 ## - ADDED ENTRY--PERSONAL NAME |
| Personal name |
Мартынов, Б. Ф. |
| Titles and other words associated with a name |
Автор |
| 9 (RLIN) |
12437 |
| 942 ## - ADDED ENTRY ELEMENTS (KOHA) |
| Koha item type |
წიგნი |
| Source of classification or shelving scheme |
|